Normal view
MARC view
Entry Término temático
001 - NÚMERO DE CONTROL
- campo de control: 64342
003 - IDENTIFICADOR DEL NÚMERO DE CONTROL
- campo de control: BNPHU
005 - FECHA Y HORA DE LA ÚLTIMA TRANSACCIÓN
- campo de control: 20260421192223.0
008 - DATOS DE LONGITUD FIJA
- campo de control de longitud fija: 200615|| aca||aabn | a|a d
040 ## - FUENTE DE LA CATALOGACIÓN
- Centro catalogador/agencia de origen: DO-SdBNP
- Lengua de catalogación: spa
- Centro/agencia transcriptor: BNPHU
- Normas de descripción: rda
150 ## - ENCABEZAMIENTO--TÉRMINO DE MATERIA
- Término de materia o nombre geográfico como elemento de entrada: Auditoría fiscal
450 0# - TRAZADO DE VÉASE--TÉRMINO DE MATERIA
- Término de materia o nombre geográfico como elemento de entrada: Tax auditing
550 ## - TRAZADO VÉASE ADEMÁS--TÉRMINO DE MATERIA
- Término de materia o nombre geográfico como elemento de entrada: Auditoría
- Subcampo de control: g
550 ## - TRAZADO VÉASE ADEMÁS--TÉRMINO DE MATERIA
- Término de materia o nombre geográfico como elemento de entrada: Recaudación de impuestos
- Subcampo de control: g
670 ## - FUENTE DE DATOS ENCONTRADOS
- Cita de la fuente: Work cat.: (OSt)37386: Soriano Guzmán, Genaro, 1948- 64341, La auditoría interna en el proceso administrativo :, [199?].
670 ## - FUENTE DE DATOS ENCONTRADOS
- Identificador Uniforme del Recurso: https://librunam.dgb.unam.mx:8443/F/6CS82MG71YRCDMMNBR3N652DG21YXNT2BXSNBH4JYMGBCMBLH5-17347?func=full-set-set&set_number=030991&set_entry=000001&format=001 Consultado en 21 de Abril, 2026
680 ## - NOTA GENERAL PÚBLICA
- Texto explicativo: Aquí se asientan trabajos sobre la auditoría e investigación de las declaraciones de impuestos. En las prácticas contables necesarias para preparar declaraciones de impuestos se asientan bajo
- Encabezamiento o término de subdivisión: Contabilidad fiscal.
681 ## - NOTA DE EJEMPLO DE TRAZADO DE MATERIA
- Texto explicativo: Nota bajo
- Encabezamiento de materia o término de subdivisión: Contabilidad fiscal
